000 00450nam a22001577a 4500
020 _qHard Cover.
082 _a004
100 _aSafdar, Anum.
245 _aHardware Systems
_cAnum Safdar.
260 _aIslamabad:
_bNBS - NUST,
_c2010.
300 _a60 p.: ill.;
_c30cm.
650 _aManagement Information System MS-Thesis.
_924536
700 _aSaad Sarwar.
_924537
942 _2ddc
_cTHE
999 _c531637
_d531637